Panamá: autodeterminación versus intervención de Estados Unidos /

में बचाया:
ग्रंथसूची विवरण
मुख्य लेखक: Selser, Gregorio
निगमित लेखक: Centro de Investigación y Docencia Económicas. Programa de Estudios Centroamericanos
अन्य लेखक: Vuskovic Céspedes, Pedro Prieto, Diego Fazio, Carlos
स्वरूप: मूलपाठ
प्रकाशित: México D.F.: CIDE
टैग: टैग जोड़ें
कोई टैग नहीं, इस रिकॉर्ड को टैग करने वाले पहले व्यक्ति बनें!

MARC

LEADER 00000 a a2200000 04500
001 24255
003
040
090 |a 166200  
100 |a Selser, Gregorio  
110 |a Centro de Investigación y Docencia Económicas. Programa de Estudios Centroamericanos  
245 |a Panamá: autodeterminación versus intervención de Estados Unidos /  |c Gregorio Selser 
260 |a México D.F.:   |b CIDE  
300 |a 148 p.  
700 |a Vuskovic Céspedes, Pedro   |a Prieto, Diego   |a Fazio, Carlos  
999 |c 13730  |d 13730